02159nam a2200301 a 450000100100000000500170001000800410002702000180006804000250008608200200011110000450013124501510017626000420032750000720036950400320044150000640047350506240053759000260116165100560118765100420124365100540128565100890133991000370142895201180146595201240158395201330170799900170184000004844320250621074009.0190320s2016 dr 000 0 spa d a9781234567897 aDO-SdBNPbspacBNPHU a327.7293bL579i1 aLeón, Ángel María Ded1947-97585710aInfluencia de la geopolítica imperial en las relaciones internacionales y diplomáticas de República Dominicana /cÁngel María de León. aSanto Domingo :bNuevo Diario,c2016. aIncluye referencias bibliográficas y notas al pie de las paginas. aBibliografía: p. 179-183. aIncluye datos biográficos del autor en la contracubierta.0 aDedicatoria y agradecimiento -- Presentación -- P3285alabras del autor -- Introducción -- Influencia de la geopolítica imperial en las relaciones internacionales y diplompaticas de la República Domincana -- La intervención militar y ocupación del territorio dominicano, por parte del gobierno de los Estados Unidos de América, (1916-1924) -- Las relaciones exteriores de la República Dominicana durante en los doce años de Balaguer -- Una diplomacia y relaciones internacionales para promover los objetivos de desarrollo sostenible y la estrategia nacional de desarrollo end -- Conclusión -- Anexos. aInventariado, 2019/VM 4aRepública DominicanaxRelaciones Exteriores92258 4aRepública DominicanaxHistoria9170 0aRepública DominicanaxPolítica y gobierno945 0aRepública Dominicana --xHistoria --yOcupación norteamericana, 1916-1924 91926 aValidado. Control de calidad MFF 0010718PDaPDbPDcHDd2019-03-20iLF1l0o327.7293 L579ip48443-10r2020-06-25w2020-06-25yLFPDZNo se presta 0010718PDaPDbPDcHDd2019-03-20iLF1l0o327.7293 L579ip48443-20r2020-06-25te. 2w2020-06-25yLFPDZNo se presta 001054708DSaPDbPDcHDd2019-03-20iLF1l0o327.7293 L579ip48443-30r2020-06-25te. 3w2020-06-25yLFDSZPréstamo en sala c47931d47931